LEADER 01510nam a22002891i 4500 001 991001177029707536 005 20030909064711.0 008 040407s1994 it a||||||||||||||||ita 035 $ab12730531-39ule_inst 035 $aARCHE-071017$9ExL 040 $aDip.to Scienze Storiche$bita$cA.t.i. Arché s.c.r.l. Pandora Sicilia s.r.l. 082 04$a016.9430 100 0 $aFredericus$c$0388119 245 10$aFederico in biblioteca :$bmostra biblio-iconografica nell'VIII centenario della nascita di Federico II di Svevia /$ccatalogo e introduzione di Antonio Ventura ; in appendice: Versi di Federico II imperatore a varie citta del Regno 260 $aFoggia :$bAmministrazione provinciale,$c1994 300 $a113 p. :$bill. ;$c20X21 cm 600 04$aFederico$c$xEsposizioni$y1994-1995 700 1 $aVentura, Antonio$eauthor$4http://id.loc.gov/vocabulary/relators/aut$0454493 907 $a.b12730531$b02-04-14$c16-04-04 912 $a991001177029707536 945 $aLE002 016.9430 FRE 945 $aLE002 Bibl. Cat. 191$g1$i2002000023179$lle002$o-$pE0.00$q-$rl$s- $t0$u0$v0$w0$x0$y.i12771041$z08-10-03 945 $aLE009 STOR.24-34$g1$i2009000093775$lle009$o-$pE0.00$q-$rn$so $t0$u1$v0$w1$x0$y.i13264576$z16-04-04 945 $aLE009 STOR.24-34bis$g0$i2009000099654$lle009$o-$pE0.00$q-$rn$so $t0$u1$v0$w1$x0$y.i13548268$z23-06-04 996 $aFederico in biblioteca$91447353 997 $aUNISALENTO 998 $ale002$a(2)le009$b16-04-04$cm$da $e-$fita$git $h0$i3 LEADER 04966oam 2200793I 450 001 9910779311803321 005 20230126203013.0 010 $a1-4724-0429-7 010 $a1-317-18418-1 010 $a1-317-18417-3 010 $a1-315-56605-2 010 $a1-283-90201-X 010 $a1-4094-4615-8 024 7 $a10.4324/9781315566054 035 $a(CKB)2550000000710967 035 $a(EBL)1108303 035 $a(OCoLC)823720079 035 $a(SSID)ssj0000786919 035 $a(PQKBManifestationID)12342766 035 $a(PQKBTitleCode)TC0000786919 035 $a(PQKBWorkID)10804075 035 $a(PQKB)11418217 035 $a(Au-PeEL)EBL4469207 035 $a(CaPaEBR)ebr11488863 035 $a(OCoLC)1018165280 035 $a(OCoLC)950004932 035 $a(MiAaPQ)EBC4469207 035 $a(EXLCZ)992550000000710967 100 $a20180706e20162013 uy 0 101 0 $aeng 135 $aur|n|---||||| 181 $ctxt 182 $cc 183 $acr 200 00$aAfrican traditions in the study of religion, diaspora and gendered societies $eessays in honour of Jacob Kehinde Olupona /$fedited by Afe Adogame, Ezra Chitando, Bolaji Bateye 210 1$aLondon :$cRoutledge,$d2016. 215 $a1 online resource (207 p.) 225 1 $aVitality of Indigenous Religions 300 $a"Book two." 300 $a"Essays in honour of Prof. Jacob Kehinde Olupona." 300 $aCompanion volume to: African traditions in the study of religion in Africa / edited by Afe Adogame, Ezra Chitando, Bolaji Bateye. Farnham, England ; Burlington, VT : Ashgate, 2012. 300 $aFirst published 2013 by Ashgate Publishing. 311 $a1-4094-4614-X 320 $aIncludes bibliographical references at the end of each chapters and index. 327 $aIntroduction : African traditions in the study of religion in Africa : contending with gender, the vitality of indigenous religions and diaspora / Ezra Chitando, Afe Adogame, Bolaji Bateye -- ch. 1. Approaches to peacemaking in Africa : obuntu perspectives from Western Kenya / Lucas Nandih Shamala -- ch. 2. Religious pluralism and secularization in the Nigerian religious sphere / Danoye Oguntola Laguda -- ch. 3. Faith, spiritualism and materialism : understanding the interfaces of religion and economy in Nigeria / Olutayo Adesina -- ch. 4. Towards a civil religion in Nigeria / Musa Gaiya -- ch. 5. The tradition of ancestral veneration manifesting in national symbols : a study of its implication for national integration and moral transformation in Nigeria / Kehinde Jacob Ayantayo -- ch. 6. The concept of expiatory sacrifice in the early Church and in African indigenous religious traditions / Samson A. Fatokun -- ch. 7. Researching African immigrant religions : boundaries, belonging and access / Abel Ugba -- ch. 8. A?i?ni? obi?nrin ko? see? da?ke? la?sa?n, bi? a da?ke? la?sa?n, enu ni?i? yo ni : women's leadership roles in Ala?dura? churches in Nigeria and the USA / Moju?ba?olu? Olu?fu?nke? Okome and Elisha Renne -- ch. 9. The place of second-generation youth in West Indian pentecostalism in the diaspora--New York and London / Janice McLean -- ch. 10. Religion and masculinities in Africa : an opportunity for Africanization / Ezra Chitando -- ch. 11. Rethinking women, nature and ritual purity in Yoruba religious traditions / Bolaji Bateye -- ch. 12. Partnership and the exercise of power in Nigerian churches / Dorcas Akintunde -- ch. 13. The Northern Nigerian Muslim woman : between economic crisis and religious puritanism / Oluwakemi Adesina. 330 $aThis book presents a unique multidisciplinary exploration of African traditions in the study of religion, diaspora, and gendered societies. Contributors drawn from diverse African and global contexts situate current scholarly traditions of the study of African religions within the purview of academic encounter and exchanges with non-African scholars and non-African contexts. 410 0$aVitality of indigenous religions. 606 $aReligion$xSocial aspects$zNigeria 606 $aReligion$xSocial aspects$zAfrica 606 $aWomen and religion$xAfrica 606 $aAfrican diaspora$xReligious aspects 607 $aNigeria$xReligion 607 $aAfrica$xReligion 615 0$aReligion$xSocial aspects 615 0$aReligion$xSocial aspects 615 0$aWomen and religion$xAfrica. 615 0$aAfrican diaspora$xReligious aspects. 676 $a200.9669 701 $aAdogame$b Afeosemime U$g(Afeosemime Unuose),$f1964-$01500818 701 $aBateye$b Bolaji$01562342 701 $aChitando$b Ezra$0944325 701 $aOlupona$b Jacob K$g(Jacob Kehinde),$f1951-$0877084 801 0$bMiAaPQ 801 1$bMiAaPQ 801 2$bMiAaPQ 906 $aBOOK 912 $a9910779311803321 996 $aAfrican traditions in the study of religion, diaspora and gendered societies$93829894 997 $aUNINA LEADER 02202nas 2200673-a 450 001 9910142411503321 005 20250917110507.0 011 $a1878-0903 035 $a(DE-599)ZDB2023238-X 035 $a(CKB)954926992160 035 $a(CONSER)--2005266554 035 $a(DE-599)2023238-X 035 $a(EXLCZ)99954926992160 100 $a19990419b19911996 s-- - 101 0 $aeng 135 $aurcnu|||||||| 181 $ctxt$2rdacontent 182 $cc$2rdamedia 183 $acr$2rdacarrier 200 10$aAdvances in neuroimmunology 210 $a[Oxford] ;$a[New York] $cPergamon Press 215 $a1 online resource 300 $aRefereed/Peer-reviewed 311 08$aPrint version: Advances in neuroimmunology (Online) 0960-5428 (DLC) 2005266554 (OCoLC)41207976 531 $aADVAN NEUROIMMUNOL 531 $aADV NEUROIMMUNOL 531 $aADV NEUROIM 606 $aNeuroimmunology$vPeriodicals 606 $aNeuroimmunology 606 $aNeuroimmunomodulation$vPeriodicals 606 $aImmune System$xphysiology$vPeriodicals 606 $aNervous System$ximmunology$vPeriodicals 606 $aImmune System$xphysiology 606 $aNervous System$ximmunology 606 $aNeuroimmunomodulation 606 $aNeuro-immunologie$vPériodiques 606 $aNeuro-immunologie 606 $aNeuroimmunology$2fast$3(OCoLC)fst01036361 606 $aNeuro-immunologie$2rasuqam 608 $aPeriodicals.$2fast 608 $aRessource Internet (Descripteur de forme)$2rasuqam 608 $aPériodique électronique (Descripteur de forme)$2rasuqam 615 0$aNeuroimmunology 615 0$aNeuroimmunology. 615 2$aNeuroimmunomodulation 615 2$aImmune System$xphysiology 615 2$aNervous System$ximmunology 615 2$aImmune System$xphysiology. 615 2$aNervous System$ximmunology. 615 2$aNeuroimmunomodulation. 615 6$aNeuro-immunologie 615 6$aNeuro-immunologie. 615 7$aNeuroimmunology. 615 17$aNeuro-immunologie. 906 $aJOURNAL 912 $a9910142411503321 920 $aexl_impl conversion 996 $aAdvances in Neuroimmunology$92113345 997 $aUNINA